[Event "Belgrade"]
[Site "?"]
[Date "1990.??.??"]
[Round "?"]
[White "Ljubojevic, Ljubomir"]
[Black "Kasparov, Gary"]
[Result "0-1"]
[WhiteElo "2625"]
[BlackElo "2800"]
[PlyCount "76"]
[EventDate "1990.??.??"]
[Source "www.chesslib.no"]
[SourceDate "2004.05.04"]

1. e4 c5 2. Nf3 d6 3. d4 cxd4 4. Nxd4 Nf6 5. Nc3 a6 6. Bg5 e6 7. f4 Qc7 8. Qe2 Nc6 9. O-O-O Nxd4 10. Rxd4 Be7 11. g3 Bd7 12. Bg2 h6 13. Bh4 Bc6 14. f5 O-O 15. Rhd1 b5 16. g4 e5 17. R4d3 b4 18. Bxf6 bxc3 19. Bxe7 cxb2+ 20. Kb1 Qxe7 21. Rxd6 Rfc8 22. R1d2 Bb5 23. Qe3 Rab8 24. Rb6 Bc4 25. Rd1 Rxb6 26. Qxb6 Qa3 27. Qxb2 Bxa2+ 28. Ka1 Qa4 29. Qxa2 Qxa2+ 30. Kxa2 Rxc2+ 31. Kb3 Rxg2 32. Kc4 Rxh2 33. Kd5 f6 34. g5 hxg5 35. Ke6 g4 36. Rd8+ Kh7 37. Kf7 Rh5 38. Rg8 Rg5 0-1

[Event "Sochi RUS"]
[Site "?"]
[Date "2006.04.28"]
[Round "9"]
[White "Landa Konstantin"]
[Black "Efimenko Zahar"]
[Result "1/2-1/2"]
[WhiteElo "2600"]
[BlackElo "2648"]
[PlyCount "47"]
[EventDate "2006.??.??"]
[Source "www.chesslib.no"]
[SourceDate "2004.05.04"]

1. e4 c5 2. Nf3 d6 3. d4 cxd4 4. Nxd4 Nf6 5. Nc3 a6 6. Bg5 e6 7. f4 Qc7 8. Bxf6 gxf6 9. Qd2 Nd7 10. O-O-O b5 11. a3 Nb6 12. Kb1 Bd7 13. Be2 h5 14. Qd3 Nc4 15. Qh3 Qc5 16. Rd3 a5 17. f5 b4 18. Nxe6 fxe6 19. fxe6 Bc6 20. Nd5 bxa3 21. e7 Bxe7 22. Nc7+ Kf7 23. Qe6+ Kf8 24. Nxa8 1/2-1/2

[Event "Kharkov (Ukraine)"]
[Site "?"]
[Date "2004.08.29"]
[Round "3"]
[White "Efimenko Zahar"]
[Black "Volokitin Andrei"]
[Result "1/2-1/2"]
[WhiteElo "2594"]
[BlackElo "2652"]
[PlyCount "62"]
[EventDate "2004.??.??"]
[Source "www.chesslib.no"]
[SourceDate "2004.05.04"]

1. e4 c5 2. Nf3 d6 3. d4 cxd4 4. Nxd4 Nf6 5. Nc3 a6 6. Bg5 e6 7. f4 Nbd7 8. Qf3 Qc7 9. O-O-O b5 10. Bd3 Bb7 11. Rhe1 Qb6 12. Nb3 b4 13. Ne2 Be7 14. Qh3 Nc5 15. Nxc5 dxc5 16. Bc4 Rd8 17. Qxe6 Rxd1+ 18. Rxd1 Rf8 19. Bxf6 Bc8 20. e5 Bxe6 21. h4 Bxc4 22. b3 g6 23. h5 a5 24. Kb1 a4 25. Kb2 Ba6 26. Nd4 Bb5 27. Nxb5 gxh5 28. Rd3 a3+ 29. Kc1 c4 30. g4 Rg8 31. f5 Rg6 1/2-1/2

[Event "Russie (championnat equipes)"]
[Site "?"]
[Date "2004.04.??"]
[Round "1"]
[White "Alekseev Evgeny"]
[Black "Najer Evgeniy"]
[Result "1-0"]
[WhiteElo "2609"]
[BlackElo "2602"]
[PlyCount "79"]
[EventDate "2004.??.??"]
[Source "www.chesslib.no"]
[SourceDate "2004.05.04"]

1. e4 c5 2. Nf3 d6 3. d4 cxd4 4. Nxd4 Nf6 5. Nc3 a6 6. Bg5 e6 7. f4 Nbd7 8. Qf3 Qc7 9. O-O-O b5 10. Bd3 Bb7 11. Rhe1 Be7 12. Qh3 b4 13. Nd5 exd5 14. exd5 Kd8 15. Qe3 Nb6 16. Nf5 Nbxd5 17. Qd4 Bf8 18. Be4 Rc8 19. Rd2 Qc4 20. Bxd5 Qxd4 21. Rxd4 Bxd5 22. Rxd5 Kd7 23. Bxf6 gxf6 24. Re4 Rc5 25. Rxc5 dxc5 26. Kd2 Bd6 27. c3 bxc3+ 28. Kxc3 Rb8 29. g3 Bf8 30. Ne3 Kc6 31. Nc4 Rd8 32. Re2 Kc7 33. Rd2 Re8 34. Kd3 Rd8+ 35. Ke3 Re8+ 36. Kf3 Kc6 37. b3 Rb8 38. Ke4 Be7 39. Kf5 Rb7 40. Na5+ 1-0

[Event "Moscow 87/255"]
[Site "?"]
[Date "2003.??.??"]
[Round "?"]
[White "Sulskis, S."]
[Black "Kobalia, M."]
[Result "0-1"]
[WhiteElo "2567"]
[BlackElo "2635"]
[PlyCount "52"]
[EventDate "2003.??.??"]
[Source "Chess Informant"]
[SourceDate "2003.02.01"]

1. e4 c5 2. Nf3 d6 3. d4 cxd4 4. Nxd4 Nf6 5. Nc3 a6 6. Bg5 e6 7. f4 Nbd7 8. Bc4 Qb6 9. Qd2 Qxb2 10. O-O Qb4 11. Bxe6 fxe6 12. Nxe6 Kf7 13. e5 Kxe6 14. exf6 Qc5+ 15. Kh1 Nxf6 16. Rae1+ Kf7 17. Bxf6 gxf6 18. Ne4 Qf5 19. g4 Qb5 20. Qd4 Bd7 21. c4 Qc6 22. g5 Re8 23. g6+ hxg6 24. Qxf6+ Kg8 25. Rg1 Rh7 26. Rxg6+ Bg7 0-1

[Event "Stockholm SWE"]
[Site "Stockholm SWE"]
[Date "1980.??.??"]
[Round "?"]
[White "Ljubojevic, Ljubomir"]
[Black "Andersson, Ulf"]
[Result "1/2-1/2"]
[WhiteElo "2590"]
[BlackElo "2590"]
[PlyCount "113"]
[EventDate "1980.??.??"]
[Source "www.chesslib.no"]
[SourceDate "2004.05.04"]

1. e4 c5 2. Nf3 d6 3. d4 cxd4 4. Nxd4 Nf6 5. Nc3 a6 6. Bg5 e6 7. f4 Nc6 8. Be2 h6 9. Bh4 Qb6 10. Nb3 Qe3 11. Bxf6 gxf6 12. g3 Be7 13. Qd3 Qxd3 14. cxd3 Bd8 15. d4 b5 16. d5 Na5 17. dxe6 fxe6 18. Nd4 b4 19. Na4 Ke7 20. b3 Bd7 21. f5 e5 22. Nc2 Bxa4 23. bxa4 Nc6 24. Ne3 Ba5 25. O-O-O Nd4 26. Bc4 Rhc8 27. Kb2 Kf8 28. Rc1 Bb6 29. Nd5 Bd8 30. Nxb4 Rab8 31. Ka3 a5 32. Nd5 Bb6 33. Nxb6 Rxb6 34. Bb3 Rbc6 35. Rxc6 Rxc6 36. Kb2 Ke7 37. Rc1 Rxc1 38. Kxc1 Nc6 39. Kd2 Nb8 40. Kd3 Na6 41. Kc4 Nc7 42. Bd1 Kf8 43. Be2 Kg7 44. Kc3 Na8 45. Bb5 Nb6 46. Kd3 Kh7 47. Bc6 Kg7 48. Ke3 Nc4+ 49. Ke2 Kh7 50. Kf3 Kg7 51. Kg4 Ne3+ 52. Kh5 Nc4 53. h4 Nb6 54. g4 Nc4 55. g5 hxg5 56. hxg5 Nb6 57. Ba8 1/2-1/2